[Event "Campeonato de España Abierto 2006"]
[Site "Leon ESP"]
[Date "2006.11.25"]
[Round "4.2"]
[White "Franco Alonso, Alejandro"]
[Black "Bellon Lopez, Juan Manuel"]
[Result "1/2-1/2"]
[WhiteElo "2404"]
[BlackElo "2396"]
[PlyCount "178"]
[EventDate "2006.11.22"]
[EventType "swiss"]
[EventRounds "9"]
[EventCountry "ESP"]
[Source "lmi"]
[SourceDate "2006.11.22"]

1. d4 d5 2. c4 dxc4 3. Nf3 Nf6 4. e3 Be6 5. Nc3 Bd5 6. Qa4+ Qd7 7. Qxd7+ Nbxd7
8. Nxd5 Nxd5 9. Bxc4 e6 10. Ke2 N7b6 11. Bd3 Nb4 12. Be4 c6 13. Rd1 Bd6 14. a3
N4d5 15. Bd3 h6 16. Rd2 g5 17. h3 f5 18. Rd1 Rg8 19. g3 Nd7 20. Bd2 N7f6 21.
Be1 a6 22. Rac1 Rg7 23. Bd2 Ke7 24. Rh1 Ne4 25. Be1 Nef6 26. h4 g4 27. Nd2 Bc7
28. Nc4 a5 29. Rc2 a4 30. Bc3 Nxc3+ 31. Rxc3 Rf7 32. Rc2 Nd7 33. Rb1 Ra7 34.
Rbc1 Nf6 35. Nd2 Nd5 36. Bc4 Ba5 37. Nb1 Kd6 38. Rd1 Ra8 39. Rdc1 Re8 40. Rd1
Rd7 41. Bd3 Rb8 42. Rdc1 Rc7 43. Nd2 Bxd2 44. Rxd2 b5 45. Rdc2 Rb6 46. Rc5 Ra7
47. e4 fxe4 48. Bxe4 b4 49. axb4 a3 50. bxa3 Rxa3 51. Ra5 Rb3 52. Kf1 R3xb4 53.
Ra8 Rxd4 54. Bg2 Rd2 55. Rc8 Kd7 56. Rf8 Ke7 57. Rh8 Rbb2 58. Kg1 Rxf2 59. Be4
Rfe2 60. Bh1 Rbc2 61. Rxc2 Rxc2 62. Rxh6 Rc1+ 63. Kh2 c5 64. Rh8 Nf6 65. h5 Re1
66. h6 Re5 67. Kg1 Rh5 68. Bg2 e5 69. Kf2 Kf7 70. Ke3 Rh2 71. Kf2 e4 72. Kg1
Rh5 73. Kf2 Kg6 74. Rc8 Kxh6 75. Ke3 Rd5 76. Kf4 Rd2 77. Bxe4 Nxe4 78. Kxe4
Rd4+ 79. Ke5 Rc4 80. Kf5 Kg7 81. Rc7+ Kf8 82. Ke5 Ke8 83. Kd5 Rc3 84. Rxc5 Rxg3
85. Ke4 Rg1 86. Kf4 Kf7 87. Rg5 Kf6 88. Rxg4 Rxg4+ 89. Kxg4 Kg6 1/2-1/2

[Event "Campeonato de España Abierto 2006"]
[Site "Leon ESP"]
[Date "2006.11.25"]
[Round "4.3"]
[White "Recuero Guerra, David"]
[Black "Baron Rodriguez, Jesus"]
[Result "1-0"]
[WhiteElo "2321"]
[BlackElo "2424"]
[PlyCount "65"]
[EventDate "2006.11.22"]
[EventType "swiss"]
[EventRounds "9"]
[EventCountry "ESP"]
[Source "lmi"]
[SourceDate "2006.11.22"]

1. e4 e5 2. Nf3 Nc6 3. Bb5 a6 4. Ba4 Nf6 5. O-O Be7 6. Re1 b5 7. Bb3 d6 8. c3
O-O 9. h3 h6 10. d4 Re8 11. Nbd2 Bf8 12. Nf1 Bd7 13. Ng3 Na5 14. Bc2 c5 15. d5
Nc4 16. Nh2 g6 17. b3 Nb6 18. Rf1 Bg7 19. Be3 Kh7 20. Qd2 Re7 21. Rae1 a5 22.
f4 exf4 23. Rxf4 Qh8 24. Ref1 a4 25. Rh4 Ng8 26. Nf3 f6 27. e5 dxe5 28. Ng5+
fxg5 29. Bxg6+ Kxg6 30. Qc2+ e4 31. Rxe4 Bf5 32. Nxf5 Rxe4 33. Ne7+ 1-0

[Event "Campeonato de España Abierto 2006"]
[Site "Leon ESP"]
[Date "2006.11.25"]
[Round "4.4"]
[White "Fernandez Romero, Ernesto"]
[Black "Gonzalez Valero, Julio"]
[Result "1/2-1/2"]
[WhiteElo "2442"]
[BlackElo "2279"]
[PlyCount "105"]
[EventDate "2006.11.22"]
[EventType "swiss"]
[EventRounds "9"]
[EventCountry "ESP"]
[Source "lmi"]
[SourceDate "2006.11.22"]

1. e4 c5 2. Nf3 Nc6 3. d4 cxd4 4. Nxd4 g6 5. Nc3 Bg7 6. Be3 Nf6 7. Bc4 O-O 8.
Bb3 d6 9. f3 Nxd4 10. Bxd4 Be6 11. Bxe6 fxe6 12. Qd2 Qa5 13. O-O-O Rac8 14. Kb1
Rc4 15. Ne2 Qxd2 16. Rxd2 Rfc8 17. c3 Bh6 18. Rdd1 Nd7 19. h4 e5 20. Bf2 a6 21.
h5 Bg5 22. Rh3 Nf8 23. hxg6 hxg6 24. Rdh1 b5 25. Bh4 Bxh4 26. Rxh4 a5 27. g3
Kg7 28. b3 R4c6 29. f4 a4 30. f5 axb3 31. axb3 Rxc3 32. Nxc3 Rxc3 33. Kb2 Rxg3
34. Ka3 gxf5 35. exf5 Nd7 36. R1h3 Rxh3 37. Rxh3 Kf6 38. Kb4 Kxf5 39. Kxb5 e4
40. Kc6 Ke6 41. Rh6+ Nf6 42. b4 e3 43. b5 d5 44. b6 e2 45. Rh1 d4 46. b7 Nd7
47. Rh6+ Nf6 48. Rh1 Nd7 49. Rh6+ Nf6 50. b8=Q e1=Q 51. Qb3+ Ke5 52. Qb5+ Kf4
53. Qc4 1/2-1/2

[Event "Campeonato de España Abierto 2006"]
[Site "Leon ESP"]
[Date "2006.11.25"]
[Round "4.5"]
[White "Andres Gonzalez, Alberto"]
[Black "Veganzones Rojo, David"]
[Result "1-0"]
[WhiteElo "2421"]
[BlackElo "2156"]
[PlyCount "47"]
[EventDate "2006.11.22"]
[EventType "swiss"]
[EventRounds "9"]
[EventCountry "ESP"]
[Source "lmi"]
[SourceDate "2006.11.22"]

1. Nf3 Nf6 2. c4 c6 3. e3 g6 4. b3 Bg7 5. Bb2 O-O 6. Be2 d6 7. d4 Nbd7 8. O-O
Qc7 9. Nbd2 Re8 10. Rc1 e5 11. Qc2 b6 12. c5 dxc5 13. Nxe5 Nxe5 14. dxe5 Nd5
15. Nc4 Nb4 16. Qb1 Ba6 17. f4 Rad8 18. Rf2 Nd5 19. Nd6 Bc8 20. e4 Ne7 21. Nxe8
Rxe8 22. Rd1 h5 23. Rd6 Be6 24. f5 1-0

[Event "Campeonato de España Abierto 2006"]
[Site "Leon ESP"]
[Date "2006.11.25"]
[Round "4.7"]
[White "Garcia Garcia, Ruben"]
[Black "Argandoña Riveiro, Iñigo"]
[Result "1/2-1/2"]
[WhiteElo "2329"]
[BlackElo "2377"]
[PlyCount "42"]
[EventDate "2006.11.22"]
[EventType "swiss"]
[EventRounds "9"]
[EventCountry "ESP"]
[Source "lmi"]
[SourceDate "2006.11.22"]

1. e4 c5 2. Nf3 d6 3. d4 cxd4 4. Nxd4 Nf6 5. Nc3 g6 6. Be3 Bg7 7. f3 Nc6 8. Qd2
O-O 9. g4 Nxd4 10. Bxd4 e5 11. Be3 Be6 12. O-O-O Qa5 13. a3 Rfc8 14. g5 Nh5 15.
Nb5 Qa4 16. Nc3 Rxc3 17. Qxc3 Rc8 18. Qd3 d5 19. Kb1 d4 20. Bc1 Rxc2 21. Qb5
Qxb5 1/2-1/2

[Event "Campeonato de España Abierto 2006"]
[Site "Leon ESP"]
[Date "2006.11.25"]
[Round "4.8"]
[White "Gonzalez Galvan, Juan Manuel"]
[Black "Fernandez Aguado, Enrique"]
[Result "1-0"]
[WhiteElo "2245"]
[BlackElo "2384"]
[PlyCount "53"]
[EventDate "2006.11.22"]
[EventType "swiss"]
[EventRounds "9"]
[EventCountry "ESP"]
[Source "lmi"]
[SourceDate "2006.11.22"]

1. e4 e6 2. d4 d5 3. e5 c5 4. c3 Nc6 5. Nf3 Bd7 6. Bd3 a5 7. O-O Nh6 8. dxc5
Bxc5 9. Na3 Ng4 10. Nb5 Ncxe5 11. Nxe5 Nxe5 12. Bf4 Nxd3 13. Nc7+ Kf8 14. Qxd3
Rc8 15. b4 Be7 16. Qg3 g5 17. Be5 f6 18. f4 fxe5 19. fxg5+ Kg8 20. Qf3 Be8 21.
Nxe6 Qb6+ 22. Nd4 e4 23. Qh3 Rd8 24. bxa5 Qg6 25. Rab1 h6 26. Rxb7 Bc5 27. Rf6
1-0

[Event "Campeonato de España Abierto 2006"]
[Site "Leon ESP"]
[Date "2006.11.25"]
[Round "4.9"]
[White "Vega Gomez, Francisco Borja"]
[Black "Vigil Alvarez, Luis Javier"]
[Result "1-0"]
[WhiteElo "2118"]
[BlackElo "2279"]
[PlyCount "163"]
[EventDate "2006.11.22"]
[EventType "swiss"]
[EventRounds "9"]
[EventCountry "ESP"]
[Source "lmi"]
[SourceDate "2006.11.22"]

1. Nf3 Nf6 2. g3 b6 3. Bg2 Bb7 4. O-O e6 5. d4 c5 6. c4 cxd4 7. Qxd4 Nc6 8. Qd1
Be7 9. Nc3 O-O 10. b3 a6 11. Bb2 d6 12. e4 Rc8 13. Rc1 Rc7 14. Nd4 Qb8 15. h3
Rd8 16. Kh2 Nxd4 17. Qxd4 Bc6 18. a4 Ne8 19. Rfd1 Bf6 20. Qe3 h6 21. Ba3 Be7
22. Rd3 Bf8 23. Rcd1 Rcd7 24. f4 Qa8 25. Bb2 Nc7 26. R1d2 b5 27. axb5 axb5 28.
cxb5 Nxb5 29. Nxb5 Bxb5 30. Rc3 d5 31. exd5 exd5 32. Qd4 Qa6 33. Rc5 Bc6 34. b4
Bb7 35. Ra5 Qe6 36. b5 Rc8 37. Bf1 f6 38. Ba3 Qe1 39. Qf2 Qe4 40. Bxf8 Rxf8 41.
Bg2 Qb4 42. Raa2 Qxb5 43. Rab2 Qc6 44. Rb6 Qc8 45. Rc2 Rc7 46. Rcb2 Rd8 47. Qd4
Kh8 48. Qb4 Bc6 49. Qd4 Qd7 50. Bf1 Rb7 51. Rxb7 Bxb7 52. Bd3 Bc6 53. Bc2 Qe6
54. Qd3 Qe4 55. Qd2 Qe6 56. Qd3 Qg8 57. Rb6 Be8 58. Qd4 Bf7 59. Rxf6 Qe8 60.
Rxh6+ Kg8 61. Bh7+ Kf8 62. Qc5+ Qe7 63. Qxe7+ Kxe7 64. Ra6 d4 65. Bd3 Rd6 66.
Ra7+ Kf6 67. g4 Bb3 68. g5+ Ke6 69. Rxg7 Kd5 70. Rb7 Bc4 71. Bxc4+ Kxc4 72. Kg3
d3 73. Kg4 Kc3 74. Rb1 Kc2 75. Rg1 Re6 76. f5 Re2 77. f6 d2 78. Ra1 Re4+ 79.
Kf5 Rb4 80. Rh1 Rb1 81. Rh2 Rf1+ 82. Kg6 1-0

[Event "Campeonato de España Abierto 2006"]
[Site "Leon ESP"]
[Date "2006.11.25"]
[Round "4.10"]
[White "Vega Gutierrez, Belinda"]
[Black "De La Villa Garcia, Jesus Maria"]
[Result "0-1"]
[WhiteElo "2151"]
[BlackElo "2469"]
[PlyCount "78"]
[EventDate "2006.11.22"]
[EventType "swiss"]
[EventRounds "9"]
[EventCountry "ESP"]
[Source "lmi"]
[SourceDate "2006.11.22"]

1. e4 c5 2. Nf3 Nc6 3. d4 cxd4 4. Nxd4 Nf6 5. Nc3 d6 6. Be2 g6 7. Be3 Bg7 8.
O-O O-O 9. Nb3 Be6 10. f4 Rc8 11. h3 Na5 12. Qe1 Nc4 13. Bxc4 Bxc4 14. Rf2 b6
15. Nd2 Ba6 16. Bd4 Bb7 17. Nf3 Re8 18. Rd1 Rxc3 19. bxc3 Nxe4 20. Re2 f5 21.
Bxg7 Kxg7 22. Ng5 Qc8 23. h4 h6 24. Nf3 Qc5+ 25. Kh2 Kf7 26. Re3 Nf6 27. Red3
Be4 28. Rd4 Bxc2 29. Rc1 Be4 30. Nd2 Bd5 31. Nb3 Qc6 32. Rd2 Be4 33. Nd4 Qc4
34. Qe2 Rc8 35. Qxc4+ Rxc4 36. Ne2 Ra4 37. Kg3 Bd5 38. Rb2 Nh5+ 39. Kh2 Nxf4
0-1

[Event "Campeonato de España Abierto 2006"]
[Site "Leon ESP"]
[Date "2006.11.25"]
[Round "4.11"]
[White "Granados Gomez, Manuel"]
[Black "Bayon Fernandez, Rogelio"]
[Result "1-0"]
[WhiteElo "2433"]
[BlackElo "2175"]
[PlyCount "70"]
[EventDate "2006.11.22"]
[EventType "swiss"]
[EventRounds "9"]
[EventCountry "ESP"]
[Source "lmi"]
[SourceDate "2006.11.22"]

1. d4 d5 2. c4 c6 3. Nf3 Nf6 4. Nc3 Ne4 5. e3 Qa5 6. Bd2 Nxd2 7. Nxd2 e6 8. Bd3
Nd7 9. O-O Nf6 10. f4 Be7 11. c5 b5 12. a3 Qc7 13. b4 a5 14. bxa5 Rxa5 15. Nb3
Ra7 16. a4 b4 17. Ne2 Ba6 18. Nec1 O-O 19. Bxa6 Rxa6 20. Nd3 Qb7 21. Nd2 Rb8
22. Rb1 Rba8 23. Nxb4 Rxa4 24. Nxd5 Nxd5 25. Rxb7 Nxe3 26. Qxa4 Rxa4 27. Rxe7
Kf8 28. Rd7 Ke8 29. Rd6 Ra2 30. Rf2 Nd1 31. Re2 Nc3 32. Kf2 Nb5 33. Nf3 Ra6 34.
Rb2 Nxd6 35. cxd6 Ra7 1-0

[Event "Campeonato de España Abierto 2006"]
[Site "Leon ESP"]
[Date "2006.11.25"]
[Round "4.12"]
[White "Jimenez De La Torre, Jose Anton"]
[Black "Alsina Leal, Daniel"]
[Result "0-1"]
[WhiteElo "2161"]
[BlackElo "2391"]
[PlyCount "112"]
[EventDate "2006.11.22"]
[EventType "swiss"]
[EventRounds "9"]
[EventCountry "ESP"]
[Source "lmi"]
[SourceDate "2006.11.22"]

1. e4 c5 2. Nf3 e6 3. c4 Nc6 4. Nc3 Nf6 5. b3 Be7 6. Bb2 O-O 7. Bd3 e5 8. Nd5
d6 9. Nxf6+ Bxf6 10. h3 g6 11. Qe2 Bg7 12. g4 a6 13. Bc3 Rb8 14. O-O-O Nd4 15.
Nxd4 cxd4 16. Bb2 Be6 17. Kb1 Qa5 18. Rc1 b5 19. c5 dxc5 20. Rxc5 Rfc8 21. Rhc1
Rxc5 22. Rxc5 Qb4 23. Rc1 Bh6 24. Rd1 a5 25. Bc2 Bc4 26. d3 Be6 27. Qe1 Qc5 28.
Bc1 Bxc1 29. Rxc1 Qc3 30. Qxc3 dxc3 31. Bd1 b4 32. Bc2 Rd8 33. Rg1 Bd7 34. a4
Bc8 35. h4 Ba6 36. Rg3 Rd6 37. g5 Kg7 38. Rf3 f6 39. Rg3 h6 40. gxh6+ Kxh6 41.
Kc1 Bb7 42. Bd1 Bc8 43. Kc2 f5 44. exf5 Bxf5 45. Bg4 Bxg4 46. Rxg4 Rf6 47. Rc4
Rxf2+ 48. Kc1 Rf5 49. Rc5 e4 50. d4 Kg7 51. Rxf5 gxf5 52. d5 e3 53. Kd1 f4 54.
d6 Kf7 55. h5 f3 56. h6 f2 0-1

[Event "Campeonato de España Abierto 2006"]
[Site "Leon ESP"]
[Date "2006.11.25"]
[Round "4.13"]
[White "Gonzalez Diez, Ruben"]
[Black "Lacasa Diaz, Jose A"]
[Result "0-1"]
[WhiteElo "2188"]
[BlackElo "2404"]
[PlyCount "44"]
[EventDate "2006.11.22"]
[EventType "swiss"]
[EventRounds "9"]
[EventCountry "ESP"]
[Source "lmi"]
[SourceDate "2006.11.22"]

1. d4 Nf6 2. Nf3 e6 3. c4 d5 4. Nc3 dxc4 5. e4 Bb4 6. Qa4+ Nc6 7. Bg5 Bd7 8.
Qc2 h6 9. Bxf6 Qxf6 10. a3 Bxc3+ 11. Qxc3 Qf4 12. Nd2 e5 13. g3 exd4 14. gxf4
dxc3 15. bxc3 g5 16. f5 b5 17. a4 Ne5 18. axb5 Bxb5 19. h4 g4 20. Be2 a6 21.
Rg1 O-O-O 22. Bxg4 Rhg8 0-1

[Event "Campeonato de España Abierto 2006"]
[Site "Leon ESP"]
[Date "2006.11.25"]
[Round "4.15"]
[White "Cabezas Ayala, Ivan"]
[Black "Liñan Baena, Jeronimo"]
[Result "1-0"]
[WhiteElo "2339"]
[BlackElo "2159"]
[PlyCount "69"]
[EventDate "2006.11.22"]
[EventType "swiss"]
[EventRounds "9"]
[EventCountry "ESP"]
[Source "lmi"]
[SourceDate "2006.11.22"]

1. e4 e6 2. d4 d5 3. Nc3 Nf6 4. e5 Nfd7 5. f4 c5 6. Nf3 Nc6 7. Be3 a6 8. Qd2 b5
9. dxc5 Bxc5 10. Bxc5 Nxc5 11. Qf2 Qb6 12. Bd3 b4 13. Ne2 Nxd3+ 14. cxd3 Qxf2+
15. Kxf2 Bd7 16. Ned4 Nxd4 17. Nxd4 O-O 18. Ke3 f6 19. Rac1 Rac8 20. g3 Kf7 21.
Nb3 fxe5 22. fxe5 Ke7 23. Rxc8 Rxc8 24. Rc1 Rxc1 25. Nxc1 Ba4 26. Ne2 Bc2 27.
Nd4 Bb1 28. Kd2 Kd7 29. a3 a5 30. Ke3 bxa3 31. bxa3 a4 32. Kd2 Ke7 33. Ne2 d4
34. Nxd4 Ba2 35. Kc3 1-0

[Event "Campeonato de España Abierto 2006"]
[Site "Leon ESP"]
[Date "2006.11.25"]
[Round "4.16"]
[White "Vega Gutierrez, Sabrina"]
[Black "Saenz Narciso, Miguel Angel"]
[Result "1-0"]
[WhiteElo "2264"]
[BlackElo "2114"]
[PlyCount "69"]
[EventDate "2006.11.22"]
[EventType "swiss"]
[EventRounds "9"]
[EventCountry "ESP"]
[Source "lmi"]
[SourceDate "2006.11.22"]

1. e4 c5 2. Nf3 d6 3. d4 cxd4 4. Nxd4 Nf6 5. Nc3 g6 6. Bc4 Bg7 7. O-O O-O 8.
Re1 Nc6 9. Nb3 Bd7 10. Bf1 a5 11. a4 Rc8 12. Nb5 Ne5 13. Bd2 b6 14. Bc3 Nc4 15.
Bxc4 Rxc4 16. Qd3 Bxb5 17. axb5 d5 18. exd5 Rxc3 19. bxc3 Qxd5 20. c4 Qh5 21.
h3 Ne8 22. Ra4 Bf6 23. c5 bxc5 24. Rxa5 Nd6 25. c4 Rb8 26. Ra6 Qh4 27. Nd2 Bd4
28. Re2 Qf4 29. g3 Qg5 30. Kg2 Bf6 31. Ne4 Nxe4 32. Qxe4 Qc1 33. Ra8 Rxa8 34.
Qxa8+ Kg7 35. Qd5 1-0

[Event "Campeonato de España Abierto 2006"]
[Site "Leon ESP"]
[Date "2006.11.25"]
[Round "4.17"]
[White "Fernandez Siles, Luis"]
[Black "Ruiz Maraña, Alejandro"]
[Result "1-0"]
[WhiteElo "2280"]
[BlackElo "2122"]
[PlyCount "37"]
[EventDate "2006.11.22"]
[EventType "swiss"]
[EventRounds "9"]
[EventCountry "ESP"]
[Source "lmi"]
[SourceDate "2006.11.22"]

1. e4 c6 2. d4 d5 3. exd5 cxd5 4. c4 Nf6 5. Nc3 Be6 6. Nge2 dxc4 7. Nf4 Bd5 8.
Ncxd5 Nxd5 9. Bxc4 Nxf4 10. Bxf4 e6 11. O-O Bd6 12. Bxd6 Qxd6 13. d5 e5 14.
Bb5+ Ke7 15. Qg4 g6 16. Qh4+ f6 17. Qh6 Kf7 18. Rac1 a6 19. Be8+ 1-0

[Event "Campeonato de España Abierto 2006"]
[Site "Leon ESP"]
[Date "2006.11.25"]
[Round "4.18"]
[White "Diaz Rodriguez, Jose Antonio"]
[Black "Tattersall Rodriguez, Lester"]
[Result "0-1"]
[WhiteElo "2125"]
[BlackElo "2293"]
[PlyCount "72"]
[EventDate "2006.11.22"]
[EventType "swiss"]
[EventRounds "9"]
[EventCountry "ESP"]
[Source "lmi"]
[SourceDate "2006.11.22"]

1. e4 c5 2. Nf3 d6 3. Bc4 Nf6 4. Nc3 a6 5. a4 e6 6. Qe2 Be7 7. e5 dxe5 8. Nxe5
b6 9. d3 O-O 10. g4 Nd5 11. h4 Bb7 12. Rh3 Nc6 13. Nxc6 Bxc6 14. g5 b5 15. Bb3
Nxc3 16. bxc3 bxa4 17. Bxa4 Qa5 18. Bxc6 Qxa1 19. Kd2 Rab8 20. Qe4 Rb1 21. Rh1
Rd8 22. f4 Qa2 23. f5 c4 24. d4 Bd6 25. fxe6 fxe6 26. Qxe6+ Kh8 27. Qe4 Rf8 28.
Re1 Qa5 29. Bd5 Qc7 30. Ba3 Rxe1 31. Bxd6 Qxd6 32. Kxe1 Qg3+ 33. Kd2 Qh2+ 34.
Kc1 Rf1+ 35. Kb2 Qb8+ 36. Ka2 Rb1 0-1

[Event "Campeonato de España Abierto 2006"]
[Site "Leon ESP"]
[Date "2006.11.25"]
[Round "4.19"]
[White "Martinez Perez, Jorge"]
[Black "Garcia Moral Garcia, Jose Daniel"]
[Result "1/2-1/2"]
[WhiteElo "2030"]
[BlackElo "2232"]
[PlyCount "96"]
[EventDate "2006.11.22"]
[EventType "swiss"]
[EventRounds "9"]
[EventCountry "ESP"]
[Source "lmi"]
[SourceDate "2006.11.22"]

1. Nf3 Nf6 2. b3 d5 3. Bb2 c5 4. e3 Bg4 5. Be2 Nc6 6. Ne5 Nxe5 7. Bxe5 Bd7 8.
O-O e6 9. f4 Be7 10. d3 O-O 11. Nd2 Bc6 12. Bb2 Nd7 13. Nf3 Bf6 14. Ne5 Nxe5
15. fxe5 Bg5 16. Bc1 b5 17. Bg4 a5 18. Qf3 a4 19. Qh3 Qe7 20. Rb1 axb3 21. axb3
Ra2 22. Rf2 h6 23. e4 dxe4 24. Bxg5 hxg5 25. Rbf1 exd3 26. Bh5 Bxg2 27. Qxg2
Rxc2 28. Rxc2 dxc2 29. Qxc2 c4 30. bxc4 Qc5+ 31. Rf2 bxc4 32. Qe4 Qd5 33. Qe3
f6 34. Bg6 Ra8 35. Rf1 f5 36. Qxg5 Qxe5 37. Qh4 Qe3+ 38. Kh1 Qh6 39. Qg3 c3 40.
Qf3 Rc8 41. Bf7+ Kh8 42. Qb7 Rf8 43. Qe7 Rb8 44. Qc7 Rf8 45. Qe7 g6 46. Qf6+
Qg7 47. Qh4+ Qh7 48. Qf6+ Qg7 1/2-1/2

[Event "Campeonato de España Abierto 2006"]
[Site "Leon ESP"]
[Date "2006.11.25"]
[Round "4.21"]
[White "Trujillo Delgado, Dafnae"]
[Black "Coll Ortega, Jordi"]
[Result "1-0"]
[WhiteElo "2174"]
[BlackElo "1946"]
[PlyCount "153"]
[EventDate "2006.11.22"]
[EventType "swiss"]
[EventRounds "9"]
[EventCountry "ESP"]
[Source "lmi"]
[SourceDate "2006.11.22"]

1. e4 c5 2. Nf3 d6 3. d4 cxd4 4. Nxd4 Nf6 5. Nc3 a6 6. Be2 e5 7. Nb3 Be7 8. O-O
O-O 9. f4 b5 10. Nd5 Bb7 11. Nxf6+ Bxf6 12. Bd3 exf4 13. Rxf4 Be5 14. Rf3 Nd7
15. a4 b4 16. a5 f5 17. Bc4+ Kh8 18. Rh3 Nf6 19. exf5 Qc7 20. Bd3 Rae8 21. Rb1
Qc6 22. Qf1 Ng4 23. Bd2 Qd5 24. Qf3 Qd4+ 25. Nxd4 Bxd4+ 26. Kf1 Bxf3 27. gxf3
Nf2 28. Rh4 Bc5 29. Be2 Rxf5 30. Be1 Ne4 31. Rd1 Ng5 32. f4 Ref8 33. Bg3 Ne6
34. Bd3 R5f6 35. Bxh7 Rh6 36. Rxh6 gxh6 37. Bd3 Nxf4 38. Bxa6 Nd3+ 39. Kg2 Nxb2
40. Rb1 Na4 41. Bd3 Nc3 42. Re1 Kg7 43. Re6 Rf6 44. Re1 Nd5 45. a6 Nf4+ 46.
Bxf4 Rxf4 47. Ra1 Rf7 48. Be4 Ba7 49. Ra4 Bc5 50. Bf3 Kf8 51. Bb7 Ba7 52. Rxb4
Rf2+ 53. Kg3 Rxc2 54. Be4 Rc3+ 55. Kf4 Ra3 56. Bb7 Ke7 57. Kf5 Bc5 58. Rg4 Ra2
59. Re4+ Kd7 60. h4 Rh2 61. Kg6 Ba7 62. Kxh6 Kc7 63. h5 Kb6 64. Rd4 Kc7 65.
Rc4+ Kd7 66. Kg6 Be3 67. Rc8 Ke7 68. Ra8 Rh4 69. Bc6 Rg4+ 70. Kh7 Kf7 71. a7
Bxa7 72. Rxa7+ Kf6 73. h6 Rh4 74. Rg7 Ke5 75. Rg5+ Kf6 76. Rg6+ Ke5 77. Kg7 1-0

[Event "Campeonato de España Abierto 2006"]
[Site "Leon ESP"]
[Date "2006.11.25"]
[Round "4.23"]
[White "Garcia Prieto, Pablo"]
[Black "Fernandez De Pablo, Miguel A"]
[Result "0-1"]
[WhiteElo "1876"]
[BlackElo "2205"]
[PlyCount "62"]
[EventDate "2006.11.22"]
[EventType "swiss"]
[EventRounds "9"]
[EventCountry "ESP"]
[Source "lmi"]
[SourceDate "2006.11.22"]

1. e4 c5 2. Nc3 Nc6 3. f4 g6 4. Nf3 Bg7 5. Bc4 e6 6. O-O Nge7 7. d3 d5 8. Bb3
O-O 9. Qe1 Nd4 10. Nxd4 cxd4 11. Nd1 dxe4 12. dxe4 b6 13. Rf3 Bb7 14. Rh3 h6
15. Nf2 Kh7 16. Ng4 Ng8 17. f5 exf5 18. exf5 gxf5 19. Ne5 Re8 20. Bf4 f6 21.
Qg3 fxe5 22. Bg5 Qd6 23. Rf1 f4 24. Qg4 Bc8 25. Qh5 Bxh3 26. Bf7 Bd7 27. g3 Rf8
28. gxf4 Rxf7 29. Qxf7 Rf8 30. Qh5 Qg6 31. Qh4 Rxf4 0-1

[Event "Campeonato de España Abierto 2006"]
[Site "Leon ESP"]
[Date "2006.11.25"]
[Round "4.24"]
[White "Sabater Sanchez, Asensio"]
[Black "Suriol Peinado, Alberto"]
[Result "1-0"]
[WhiteElo "2163"]
[BlackElo "1900"]
[PlyCount "55"]
[EventDate "2006.11.22"]
[EventType "swiss"]
[EventRounds "9"]
[EventCountry "ESP"]
[Source "lmi"]
[SourceDate "2006.11.22"]

1. d4 e6 2. c4 d5 3. Nc3 Nf6 4. cxd5 exd5 5. Bg5 Be7 6. e3 c6 7. Qc2 Nbd7 8.
Bd3 O-O 9. Nge2 Re8 10. O-O Nf8 11. Bxf6 Bxf6 12. b4 g6 13. b5 Ne6 14. bxc6
bxc6 15. Rab1 c5 16. dxc5 Nxc5 17. Bb5 Bf5 18. Qd1 Bxc3 19. Bxe8 Bxb1 20. Qxb1
Bg7 21. Qc2 Rc8 22. Ba4 Ne4 23. Qd3 Nc3 24. Nxc3 Rxc3 25. Qd2 d4 26. Rd1 d3 27.
Bb5 Rc2 28. Qxc2 1-0

[Event "Campeonato de España Abierto 2006"]
[Site "Leon ESP"]
[Date "2006.11.25"]
[Round "4.25"]
[White "Lorente Peñalba, Diego"]
[Black "Braña Lopez, Eduardo"]
[Result "1-0"]
[WhiteElo "2109"]
[BlackElo "2079"]
[PlyCount "61"]
[EventDate "2006.11.22"]
[EventType "swiss"]
[EventRounds "9"]
[EventCountry "ESP"]
[Source "lmi"]
[SourceDate "2006.11.22"]

1. e4 d5 2. exd5 Qxd5 3. Nc3 Qa5 4. d4 c6 5. Bc4 Bf5 6. Nf3 Nf6 7. Qe2 e6 8.
O-O Be7 9. Re1 O-O 10. Bf4 Nbd7 11. Rad1 Nb6 12. Bb3 Nbd5 13. Nxd5 cxd5 14. Ne5
Rac8 15. Bg5 Rfd8 16. h3 b5 17. Ng4 Bxg4 18. hxg4 b4 19. Rd3 Rd7 20. Rh3 a6 21.
f3 Ne8 22. Bxe7 Rxe7 23. Kf2 f6 24. Reh1 g6 25. Rxh7 Rxh7 26. Qxe6+ Kh8 27.
Rxh7+ Kxh7 28. Qxc8 Nc7 29. Qd7+ Kh6 30. Qd6 Nb5 31. Qxf6 1-0

[Event "Campeonato de España Abierto 2006"]
[Site "Leon ESP"]
[Date "2006.11.25"]
[Round "4.26"]
[White "Varasa Paredes, Javier"]
[Black "Sahelices Casado, Roberto"]
[Result "1-0"]
[WhiteElo "1867"]
[BlackElo "2067"]
[PlyCount "85"]
[EventDate "2006.11.22"]
[EventType "swiss"]
[EventRounds "9"]
[EventCountry "ESP"]
[Source "lmi"]
[SourceDate "2006.11.22"]

1. Nf3 Nf6 2. d4 g6 3. Bf4 Bg7 4. e3 d5 5. h3 O-O 6. Bd3 c5 7. c3 b6 8. Nbd2
Bb7 9. O-O Nbd7 10. Qe2 Ne4 11. Bxe4 dxe4 12. Ng5 Nf6 13. Be5 Qe8 14. h4 h6 15.
Nh3 Nd7 16. Bxg7 Kxg7 17. Rfd1 e5 18. Nb3 Qe7 19. dxc5 Nxc5 20. Nxc5 Qxc5 21.
Qg4 Qc6 22. Rd2 Bc8 23. Qg3 f6 24. Rad1 Bf5 25. f4 exf3 26. gxf3 Qc5 27. f4
Rae8 28. fxe5 Rxe5 29. Kf2 Rfe8 30. Re1 Bxh3 31. Qxh3 R8e7 32. Rd4 Rf5+ 33. Kg1
Qc6 34. Rf1 Rfe5 35. Rf3 Qb5 36. Qf1 Qxb2 37. Rd6 f5 38. Rg3 Rxe3 39. Rgxg6+
Kf8 40. Rd8+ Re8 41. Qxf5+ Ke7 42. Qd7+ Kf8 43. Qg7# 1-0

[Event "Campeonato de España Abierto 2006"]
[Site "Leon ESP"]
[Date "2006.11.25"]
[Round "4.27"]
[White "Fernandez Amez, Jesus"]
[Black "Rodriguez Perez, Jose Javier"]
[Result "0-1"]
[WhiteElo "1951"]
[BlackElo "2107"]
[PlyCount "151"]
[EventDate "2006.11.22"]
[EventType "swiss"]
[EventRounds "9"]
[EventCountry "ESP"]
[Source "lmi"]
[SourceDate "2006.11.22"]

1. d4 Nf6 2. c4 g6 3. Nc3 Bg7 4. Nf3 O-O 5. e4 d6 6. Be2 e5 7. d5 Nbd7 8. Bg5
h6 9. Be3 Ng4 10. Qc1 Nxe3 11. Qxe3 a5 12. b3 Nc5 13. h3 f5 14. Nh2 Qf6 15. Bf3
Bd7 16. g4 Rf7 17. Rc1 Raf8 18. Rc2 Qe7 19. gxf5 gxf5 20. Rg1 f4 21. Qe2 Bxh3
22. Bh5 Rf6 23. Qf3 Bd7 24. Ng4 Bxg4 25. Rxg4 Kh8 26. Bg6 Rg8 27. Kd2 Bf8 28.
Bf5 Rxg4 29. Qxg4 Qg7 30. Qxg7+ Bxg7 31. Rc1 h5 32. Rh1 Rh6 33. Nb5 c6 34. dxc6
bxc6 35. Na7 d5 36. Nxc6 Rxc6 37. Rxh5+ Kg8 38. cxd5 Rd6 39. Bh7+ Kf7 40. f3
Ke7 41. Rg5 Bf6 42. Rh5 Rd8 43. Bf5 Rh8 44. Rh7+ Rxh7 45. Bxh7 Kd6 46. Kc3 Bh4
47. Kc4 Be1 48. Bf5 Bb4 49. Bg6 Kc7 50. Bf5 Kd6 51. Bg6 Nd7 52. Bf5 Nf6 53. Bg6
Kc7 54. Kb5 Nd7 55. Bf5 Nc5 56. Kc4 Kb6 57. Bg6 Nb7 58. Kd3 Nd6 59. Bh7 Nb5 60.
Bf5 Nd4 61. Bg4 Bd6 62. Bh5 Kc5 63. Kc3 Ne2+ 64. Kc2 Kb4 65. Kb2 Kc5 66. Kc2
Kd4 67. Kd2 Ng3 68. Bg4 Bb4+ 69. Kc2 Ke3 70. Kb2 Ne2 71. a3 Bd6 72. Bh5 Nd4 73.
Kc3 Bxa3 74. Kc4 Nxf3 75. Bxf3 Kxf3 76. Kb5 0-1